Estadísticas para Rosco de Pasapalabra #73

Haz click aquí para intentar la prueba.

Estadísticas generales

  • Esta prueba ha sido intentada 100 veces
  • La puntuación promedio es 13 de 25

Estadísticas de respuestas

InicialDefiniciónRespuesta% Correcto
ATela muy gruesa, generalmente de tejido de felpa, que se emplea para cubrir el sueloAlfombra
94%
DColina de arena movediza que en los desiertos y en las playas forma y empuja el vientoDuna
91%
BBarra de pan estrecha y alargadaBaguette
90%
EPunto cardinal del horizonte por donde sale el sol en los equinocciosEste
90%
PPie y pierna de los animalesPata
84%
Contiene la ÑElemento químico metálico, de símbolo Sn, que, aleado con el cobre, forma el bronceEstaño
80%
JRemuneración que recibe un trabajador por cada día de trabajoJornal
79%
SUtensilio de cocina de forma redonda y poco fondo, y con un largo mango, que se utiliza para freírSartén
74%
CUtensilio de dibujo constituido por una plantilla en forma de triángulo rectángulo escalenoCartabón
69%
FColoquialmente, amor repentino e inmediatoFlechazo
64%
UQue tiene una sola dimensiónUnidimensional
64%
NEmbarcación grande, de vela o de motorNave
59%
Contiene la XVender géneros a otro paísExportar
57%
HPlanta comestible que se cultiva en las huertas, como la lechuga o la alcachofaHortaliza
53%
MPasta hecha con almendras molidas y azúcar pulverizado, que se presenta en forma de figuritas cocidas al hornoMazapán
50%
RManifestación de una verdad secreta u ocultaRevelación
50%
VDerecho que tiene una persona o corporación para impedir algoVeto
47%
ISe dice del polígono que no tiene todos sus lados y ángulos igualesIrregular
37%
Contiene la QTallo o cogollo que se introduce en tierra para reproducir la plantaEsqueje
29%
Contiene la YTítulo de la novela de Stephen King sobre un escritor que, tras un accidente, recibe cuidados de una admiradora suyaMisery
13%
ZDesinfectante o insecticida que se usa generalmente en establos o para el ganadoZotal
13%
LCiudad de Colombia que es capital del departamento del AmazonasLeticia
11%
GCaracol hasta de un pie de longitud, que usado como bocina produce un sonido que se oye a gran distanciaGuarura
3%
TLámina metálica muy delgada y de diversos colores, que se emplea en bordados y otros adornosTalco
3%
OApellido del músico que publicó, junto a su orquesta, el disco "Un triángulo de triunfo"Olivencia
1%

Distribución de puntuación

Porcentaje por número respondido

Porcentaje de gente con cada puntuación

Historial de tus puntuaciones

No has intentado esta prueba.